00668cam a2200193 i 450000100060000000300080000600500170001400800390003103500190007004000320008904100080012108200260012911000570015524500840021226000490029630000310034565100470037665100510042311341BD-RjUL20211208235116.0140126s1976 dcu f000 0 eng a(BD-RjUL)11390 aDLCcDLCdDLCdBD-RjULbeng aeng00a330.9730925bCOE 19761 aUnited States.bCongress.bJoint Economic Committee.14aEconomic report of the President :bTransmitted to the congress January 1976 /  aWashington :bU.S. Govt. Print. Off.,c1976. a282 p. :bgraphs ;c24 cm. 0aUnited StatesxEconomic policyy1971-1981. 0aUnited StatesxEconomic conditionsy1971-1981.